000 00502ngm a2200193 i 4500
001 C2-0313878
003 PPAK
005 20180727220958.0
008 111130s2010 my |||| ||||| | vlmay d
040 _aPPAK
_beng
_cPPAK
_erda
245 1 0 _aBelukar
264 1 _aKuala Lumpur :
_bPreston Zaidan Productions ,
_c2010
336 _2rdacontent
_atext
337 _2rdamedia
_aunmediated
338 _2rdacarrier
_avolume
700 _eauthor
700 1 _aChong, Jason,
_ecompile
942 _2ddc
_cDVD
999 _c166763
_d166763